| 000 | 00373nam a2200157Ia 4500 | ||
|---|---|---|---|
| 003 | IT-RoPAU | ||
| 008 | 120407s9999 xx 000 0 und d | ||
| 040 | _aIT-RoPAU | ||
| 040 | _cIT-RoPAU | ||
| 100 | _aCarlo Peano | ||
| 245 | _aI segreti solari di una abbazia cistercense: Santa Maria di Staffarda | ||
| 260 | _aGribaudo | ||
| 300 | _c cm | ||
| 490 | _v1 | ||
| 942 | _cBK | ||
| 999 |
_c6669 _d6669 |
||